• 首页
  • 本馆介绍
  • 公告通知
  • 最新文献
  • 馆藏检索
  • 电子资源
  • 读者导购
  • 参考咨询
  • 我的图书馆
  • 登录
  • 详细信息显示
  • 放入我的书架
  • 预约/预借图书
  • 作者相关作品
  • 分类相关作品
  • 丛书相关作品
  • 出版社相关作品

书目信息

  • 表格格式
  • 工作单格式
  • 卡片格式
题名:
走遍美国参考书
    
 
作者: 任晓晋 主编
分册:  
出版信息: 武汉   湖北教育出版社  2003
页数: 114页
开本: 28cm
丛书名:
单 册:
中图分类: H31-42
科图分类:
主题词: 英语--自学参考资料 , 英语
电子资源:
ISBN: 7-5351-3553-6
000 00787nam0 2200241 450
001 002590630
005 20061122085817.31
010    @a7-5351-3553-6@dCNY12.00
100    @a20040302d2003 em y0chiy0110 ea
101 0  @achi@aeng
102    @aCN@b420000
105    @ay z 000yy
200 1  @a走遍美国参考书@9zou bian mei guo can kao shu@e新世纪版@f任晓晋主编
210    @a武汉@c湖北教育出版社@d2003
215    @a114页@d28cm
330    @a本书是相关教材的参考书,对原教材的练习、训练提供了详细的参考答案,针对造句、翻译描述等类的习题力求以多用途、口语化为宗旨提供答案。
510 1  @aFamily Allum, USA@zeng
606 0  @a英语@j自学参考资料
606 0  @a英语
690    @aH31-42@v3
701  0 @a任晓晋@9ren xiao jin@4主编
801  0 @aCN@bNLC@c20061122
905    @a10447@dH31-42@e412
    
    走遍美国参考书:新世纪版/任晓晋主编.-武汉:湖北教育出版社,2003
    114页;28cm
    
    
    ISBN 7-5351-3553-6:CNY12.00
    本书是相关教材的参考书,对原教材的练习、训练提供了详细的参考答案,针对造句、翻译描述等类的习题力求以多用途、口语化为宗旨提供答案。
●
相关链接 在E读中查询图书 在五车中查询图书 在当当中查询图书 在豆瓣中查询图书


正题名:走遍美国参考书     索取号:H31-42/412         预约/预借

序号 登录号 条形码 馆藏地/架位号 状态 备注
1 0394648   203946481   第二样本阅览室/ [索取号:H31-42/412] 在馆    
2 0394649   203946490   第四借阅区/ [索取号:H31-42/412] 在馆    
3 0394650   203946506   第四借阅区/ [索取号:H31-42/412] 在馆    
4 0394651   203946515   第四借阅区/ [索取号:H31-42/412] 在馆    
5 0394652   203946524   第四借阅区/ [索取号:H31-42/412] 在馆    
唐山师范学院图书馆 欢迎您!
大连网信软件有限公司© 版权所有